000 00589nam a2200229Ia 4500
003 OSt
005 20220924140257.0
006 a|||||r|||| 00| 0
007 ta
008 220923b |||||||| |||| 00| 0 ben d
024 _a294341
037 _cTextual
040 _aARTS
_cARTS
_bben
041 _2ben
_aben
082 _aO157,3M76:g, J0
100 _aMujumdar Mohitlal
_9211174
245 0 _aShri Kanter Sarathchandra
260 _c1950
650 _aBENGALI LITERATURE
942 _hO157,3M76:g, J0
_cTEXL
_2CC
999 _c443560
_d443560